¿ Que está pasando en el FMLN?

En este artículo se comenta la importancia que tienen los partidos políticos en la consolidación de la democracia y su actividad interna. Se habla sobre la crisis interna que enfrenta el partido de izquiera el FMLN entre los que se llaman renovadores y los ortodoxos. /MSD

Сохранить в:
Библиографические подробности
Формат: Текст
Предметы:
Метки: Добавить метку
Нет меток, Требуется 1-ая метка записи!

MARC

LEADER 00000 a a2200000 04500
001 6484
003
040
245 |a ¿ Que está pasando en el FMLN?  
520 |a En este artículo se comenta la importancia que tienen los partidos políticos en la consolidación de la democracia y su actividad interna. Se habla sobre la crisis interna que enfrenta el partido de izquiera el FMLN entre los que se llaman renovadores y los ortodoxos. /MSD  
650 |a PARTIDOS POLITICOS  
650 |a CRISIS POLITICA  
773 |g volumen 22, número 954; páginas 4-5  
999 |c 24565  |d 24565